| 000 | 00698nam a2200229 a 4500 | ||
|---|---|---|---|
| 003 | OSt | ||
| 005 | 20171120133518.0 | ||
| 008 | 171120s2002 spc|||||| 000 ||spa|d | ||
| 017 | _aDL B. 7303-2002 | ||
| 020 | _z8485247140 | ||
| 040 |
_aES-BaCBU _bcat _cCDMR |
||
| 100 | 1 |
_aHernández, Tomás, _d1919- |
|
| 245 | 1 | 3 |
_aLa Ciudad que no dormía / _cTomás Hernández |
| 260 |
_aBarcelona : _bRondas, _c2002 |
||
| 300 |
_a166 p.; _c22 cm |
||
| 505 | _aConté il·lustracions en blanc i negre i en color. | ||
| 650 | 4 |
_93139 _aPeriodistes catalans _vBiografia |
|
| 650 | 0 | 4 |
_9797 _aReportatges literaris |
| 651 | 7 |
_aNova York (Nova York) _xDescripcions i viatges _2lemac |
|
| 940 | _aBC | ||
| 942 | _cMON | ||
| 999 |
_c7083 _d7083 |
||